| 000 | 00652nam a22001935i 4500 | ||
|---|---|---|---|
| 001 | 48338 | ||
| 003 | ES-MaACL | ||
| 005 | 20230906161733.0 | ||
| 007 | t| | ||
| 008 | 950714s1898 fr ||||1| fre d | ||
| 040 |
_aCAM _bspa _cCAM |
||
| 100 | 1 |
_aDareste, Rodolphe. _942707 |
|
| 245 | 1 | 3 |
_aLa justice administrative en France / _cpar Rodolphe Dareste... |
| 250 |
_a2e ed. _brevue et completée avec la collaboration de Pierre Dareste. |
||
| 260 |
_aParis : _blibrairie de la Société du Recueil Général des lois et des arréts..., _c1898. |
||
| 300 |
_aXII, 680 p. ; _c23 cm. |
||
| 700 | 1 |
_aDareste, Pierre. _942706 |
|
| 852 |
_aES-MaACL _jF-6524 |
||
| 999 |
_c48338 _d48338 |
||